Macroeconomics explore & apply

Gespeichert in:
Bibliographische Detailangaben
1. Verfasser: Ayers, Ronald M.
Weitere Verfasser: Collinge, Robert A.
Format: Buch
Sprache:Englisch
Veröffentlicht: Upper Saddle River, N.J. Prentice Hall 2004
Schriftenreihe:Prentice Hall series in economics
Schlagworte:
Tags: Tag hinzufügen
Keine Tags, Fügen Sie das erste Tag hinzu!

MARC

LEADER 00000nam$a2200000$$$4500
001 0005726
005 20221207102704.1
020 |a 0-13-016422-4 
041 0 |a eng 
044 |a US 
245 1 0 |a Macroeconomics  |b explore & apply  |c Ronald M. Ayers, Robert A. Collinge 
264 1 |a Upper Saddle River, N.J.  |b Prentice Hall  |c 2004 
300 |a 443 s. 
490 1 |a Prentice Hall series in economics 
830 0 |a Prentice Hall series in economics 
610 2 0 |a makroekonomika 
610 2 0 |a veda ekonomická 
610 2 0 |a výskum 
610 2 0 |a ponuka 
610 2 0 |a dopyt 
610 2 0 |a politika fiškálna 
610 2 0 |a rast hospodársky 
610 2 0 |a peniaze 
610 2 0 |a ekonómia 
100 1 |a Ayers, Ronald M. 
700 1 |a Collinge, Robert A.